|
|
|
|
| LEADER |
00000ny a22000003n 4500 |
| 005 |
20110526150249.0 |
| 008 |
990120s1998 sp s 000 0 spa c |
| 017 |
|
|
|a L514-1998
|
| 020 |
|
|
|a 8495027232
|
| 035 |
|
|
|a 320
|
| 040 |
|
|
|a UMA.DER
|d vLex
|
| 040 |
|
|
|a UMA.RE
|d vLex
|
| 080 |
|
|
|a 347.453.3/.4(460)
|
| 090 |
|
|
|c 301
|d 301
|
| 100 |
1 |
|
|a Colina Garea, Rafael
|
| 245 |
1 |
3 |
|a El arrendamiento de vivienda por temporada acadm̌ica
|h [Recurso electrn̤ico]
|c Rafael Colina Garea
|
| 256 |
|
|
|a Servicio en ln̕ea
|
| 260 |
|
|
|a Barcelona :
|b CEDECS,
|c 1998
|
| 300 |
|
|
|a 157 p. ;
|c 23 cm
|
| 504 |
|
|
|a Bibliografa̕: p. 151-157
|
| 504 |
|
|
|a Índices
|
| 506 |
1 |
|
|a Contenido solo disponible en los productos indicados
|d vLex Global
|d vLex Global (Academic Edition, excluding Law Schools)
|d vLex Global (U.S. Academic Edition, Law Schools)
|d vLex Global (U.S. Academic Edition, excluding Law Schools)
|d vLex Global (Academic Edition, Law Schools)
|
| 650 |
0 |
7 |
|a Civil
|2 Tesauro vLex
|
| 650 |
0 |
7 |
|a Contrato de arrendamiento
|2 Tesauro vLex
|
| 650 |
0 |
7 |
|a Arrendamiento de vivienda
|2 Tesauro vLex
|
| 650 |
0 |
7 |
|a Arrendamientos
|2 Tesauro vLex
|
| 650 |
0 |
7 |
|a Arrendamiento de temporada
|2 Tesauro vLex
|
| 740 |
0 |
|
|a vLex Libros (Servicios en ln̕ea)
|
| 856 |
4 |
0 |
|u http://vlex.com/source/320
|z Acceso restringido
|
| 942 |
|
|
|c BOOK
|
| 999 |
0 |
|
|a Civil Law
|b Barcelona
|